000 00364nam a2200157Ia 4500
003 OSt
005 20240304124912.0
008 170523s9999 xx 000 0 und d
020 _a978-8120416109
040 _cIIMTU
100 _aPAREEK- UDAI
245 0 _aMANAGING TRANSITION: THE HRD RESPONSE
260 _bTATA MC GRAW HILL
260 _c1992
942 _2ddc
_c02
999 _c901
_d901